000 00654nam a2200241Ia 4500
001 dia_2591
003 CHAP
005 20230518085231.0
008 220117s1972 xx 000 0 und d
010 _a173109
040 _cCHAP
082 _a663.22 B6
100 _aBondiac, Enrique
_913658
245 _aElaboración de Vinos; Verificación Moderna /
_c por Enrique, Bondiac
260 _aBarcelona :
_b Sintes,
_c1972
300 _a189 p.
500 _aI.41242
650 _aVino
_xelaboración.
_9119861
901 _a663.22 B6
902 _aM
905 _a0000001972 BARA 0000000000ESP00
942 _cLIBRO
_2ddc
999 _c173109
_d173109